00331nam a2200109Ia 4500008004100000245008400041260004900125260000900174300001000183500001200193650001600205170224s9999 xx 000 0 und d aChanging theories of change: Strategic shifting in implicit theory endorsement. bJournal of Personality and Social Psychology c2014 a107:4 aOctober xPsychology.